| 000 | 01170cab a2200205 4500 | ||
|---|---|---|---|
| 001 | ABS51243 | ||
| 008 | 090401t xxu||||| |||| 00| 0 eng d | ||
| 035 | _a(Sirsi) u16849 | ||
| 041 | _aeng | ||
| 245 | _aFinsbury Business Centre Ltd v Mercury Communications Ltd | ||
| 350 | _a0 | ||
| 490 |
_aRating & Valuation Reporter _v34(5) 108-112(5) |
||
| 520 | _aLT 13 December 1993. A reference to the Lands tribunal for determination of a claim for compensation for depreciation of the claimant`s leasehold interest in premises. The application was dismissed because the reference was misconceived; one of the main reasons being: that the claimant could not bring himself within the definition of relevant interest, and therefore was not entitled to claim compensation under para 4(4) which was the only relevant provision of the Telecommunciations Code conferring jurisdiction on the Lands Tribunal. | ||
| 650 | _aLANDS TRIBUNAL ACT 1949 | ||
| 650 | _aLANDS TRIBUNAL RULES 1975 | ||
| 650 | _aTELECOMMUNICATIONS ACT 1984 | ||
| 690 | _aENVIRONMENTAL AND LAND CONSULTANCY-PLANNING AND DEVELOPMENT-COMPULSORY PURCHASE AND COMPENSATION | ||
| 942 | _n0 | ||
| 948 | _c04/03/1997 | ||
| 999 |
_c11152 _d11152 |
||